[Event "New Delhi Matrix op 3rd"]
[Site "New Delhi"]
[Date "2024.04.08"]
[Round "5"]
[White "Sahil, Bheron"]
[Black "Prakash, Ram"]
[Result "0-1"]
[WhiteElo "1774"]
[BlackElo "1995"]
[PlyCount "78"]
[EventDate "2024.04.06"]
[EventType "swiss"]
[EventRounds "9"]
[EventCountry "IND"]
[SourceTitle "CB16_2024"]
[SourceDate "2024.04.17"]
[SourceVersion "1"]
[SourceVersionDate "2024.04.17"]
[SourceQuality "1"]

1. c4 c5 2. g3 Nc6 3. Bg2 g6 4. Nf3 Bg7 5. Nc3 a6 6. 0-0 Rb8 7. a4 h5 8. e3 Nh6 9. d4 cxd4 10. exd4 Nf5 11. Bf4 d6 12. d5 Ne5 13. c5 h4 14. Re1 hxg3 15. hxg3 f6 16. Ne4 Kf7 17. Rc1 g5 18. Nexg5+ fxg5 19. Nxe5+ dxe5 20. Bxe5 Bxe5 21. Rxe5 Kf6 22. Qe1 Qg8 23. Qc3 Qh7 24. Rce1 Kg6 25. d6 Qh2+ 26. Kf1 exd6 27. cxd6 Rf8 28. Be4 Kh6 29. Bxf5 Bxf5 30. Re6+ Kh5 31. Qf3+ Bg4 32. Qxg4+ Kxg4 33. R1e4+ Rf4 34. gxf4 Qh1+ 35. Ke2 Qf3+ 36. Ke1 Rc8 37. fxg5+ Kh5 38. Kd2 Qxf2+ 39. Re2 Qd4+ 0-1

[Event "Uadjpur Pandiyar Memorial 7th"]
[Site "Uadjpur"]
[Date "2022.10.10"]
[Round "6"]
[White "Chudasama, Ankit"]
[Black "Sahil, Bheron"]
[Result "0-1"]
[WhiteElo "1780"]
[BlackElo "1570"]
[PlyCount "116"]
[EventDate "2022.10.08"]
[EventType "swiss"]
[EventRounds "9"]
[EventCountry "IND"]
[SourceTitle "CBM 210 Extra"]
[Source "ChessBase"]
[SourceDate "2022.11.30"]
[SourceVersion "1"]
[SourceVersionDate "2022.11.30"]
[SourceQuality "1"]

1. d4 d5 2. c4 c6 3. Nf3 Nf6 4. Qb3 Qb6 5. Nc3 Qxb3 6. axb3 Bf5 7. Bf4 Na6 8. c5 Ne4 9. Ra4 f6 10. e3 Naxc5 11. dxc5 Nxc5 12. Ra3 e5 13. Bg3 b5 14. b4 Ne4 15. Na2 Nxg3 16. hxg3 Bb1 17. Nd2 Bxa2 18. Rxa2 Bxb4 19. Ra6 Kd7 20. Bd3 e4 21. Bc2 Kc7 22. Ke2 Bxd2 23. Kxd2 Kb7 24. Rha1 h5 25. R6a2 h4 26. g4 h3 27. g3 a5 28. Rh1 h2 29. Ke2 Kb6 30. Kf1 Rh6 31. Kg2 Rah8 32. Raa1 a4 33. Bd1 c5 34. f3 Re8 35. f4 d4 36. g5 fxg5 37. fxg5 Rhh8 38. exd4 cxd4 39. b3 axb3 40. Bxb3 Re5 41. g6 Rg5 42. Rae1 e3 43. Bc2 Rc5 44. Bb1 Rf8 45. Rxh2 Rf2+ 46. Kg1 Rxh2 47. Kxh2 Rc3 48. Kg2 d3 49. Kf3 d2 50. Rd1 Kc5 51. Ke2 Kd4 52. Ba2 b4 53. Rf1 Rc1 54. Bb3 Rxf1 55. Kxf1 Kd3 56. Bd1 b3 57. g4 b2 58. g5 b1Q 0-1